000 00517nam a22002057a 4500
001 0074
003 DO-SdBNP
005 20160309154227.0
007 0074
008 160309b dr 1999 xxu||||| |||| 00| 0 spa d
020 _a8484003116
040 _aBPMSU
_bspa
_cBPMSU
092 _axxxxxxx
_bxxxxxxx
100 1 0 _aVives, Vicens
245 1 0 _aLengua y literatura 1 /
_cVicens Vives
260 _aSanto Domingo :
_bTaller,
_c1999
300 _a191 p. :
_bil.,
_c27 cm.
942 _2ddc
_cBK
956 _aBrenda Tavárez
999 _c9169
_d9169